000 00789nam a2200241Ia 4500
003 GCL
005 20240530102524.0
008 140319s9999 xx 000 0 ara d
020 _a7037380977
040 _aGCL /
_cGCL
082 0 4 _a932.014
_bق/ك ت
100 1 _aكولينز اندرو
245 1 0 _aتوت عنخ امون :
_bمؤامرة الخروج00حقيقة اعظم لغز اثرى /
_cكولينز اندرو
250 _aالاولى
260 _aالقاهرة :
_bدار العلوم ،
_c2005
300 _a504 ص ؛
_c27 سم
650 0 4 _aمصر القديمة
650 0 4 _aالحضارة الفرعونية
650 0 4 _aالاثار الفرعونية
650 0 4 _aتوت عنخ امون
700 1 _aرفعت السيد على
942 _2ddc
_cBK
999 _c32854
_d32854